| 000 | 00581nam a2200217 a 4500 | ||
|---|---|---|---|
| 001 | 2865336 | ||
| 005 | 20180109070843.0 | ||
| 008 | 850408s1985 ge a b 000 0 eng | ||
| 010 | _a 85140127 | ||
| 020 | _a0387151028 (U.S.) | ||
| 040 |
_aDLC _cDLC _dDLC |
||
| 041 | _aeng | ||
| 080 | _a005.1 QUI | ||
| 082 | 0 | 0 |
_a005.1 QUI _219 |
| 100 | _a28 | ||
| 101 | _aSHK | ||
| 245 | 0 | 0 |
_aVerification and validation of real-time software / _cedited by W.J. Quirk. |
| 504 | _aBibliography: p. [209]-231. | ||
| 906 |
_a7 _bcbc _corignew _d3 _encip _f19 _gy-gencatlg |
||
| 942 |
_2ddc _cBK |
||
| 999 |
_c39890 _d39890 |
||